| 000 | 00717nam a2200217Ii 4500 | ||
|---|---|---|---|
| 003 | JO-AjNU | ||
| 008 | 230605s9999||||xx |||||||||||||| ||und|| | ||
| 017 | _a2006/4/795 | ||
| 040 |
_aJO-AjNU _bara _erda _cJO-AjNU |
||
| 041 | _aara | ||
| 050 | 1 | 4 | _aBP166.2.Q22 2006 |
| 100 | 3 |
_aقعدان، زيدان عبد الفتاح, _eauthor _919412 |
|
| 245 | 0 | 0 | _aالحقيقة الإلهية وحقيقة الوجود |
| 250 | _aط1 | ||
| 264 | 3 | 1 | _aعمان: دار اسامة للنشر والتوزيع، 2006 |
| 300 | _a223ص | ||
| 336 |
_atext _btxt _2rdacontent |
||
| 337 |
_aunmediated _bn _2rdamedia |
||
| 338 |
_avolume _bnc _2rdacarrier |
||
| 650 | 4 |
_aالوجود- الالهيات- علم الكلام _919413 |
|
| 999 |
_aA6402 _c9970 _d9970 |
||